Manual básico del docente
Furkejuvvon:
| Váldodahkkit: | , |
|---|---|
| Materiálatiipa: | Girji |
| Giella: | espánnjágiella |
| Almmustuhtton: |
Madrid
Cultural
2003
|
| Fáttát: | |
| Fáddágilkorat: |
Lasit fáddágilkoriid
Eai fáddágilkorat, Lasit vuosttaš fáddágilkora!
|
MARC
| LEADER | 00000nam a2200000 a 4500 | ||
|---|---|---|---|
| 001 | UCK0256 | ||
| 003 | CL-VaPUC | ||
| 008 | 040924e20030000SP |||||||||||||||||spa|d | ||
| 020 | |a 8480556528 | ||
| 082 | 0 | 4 | |a 370.3 |b ALV |2 21 |
| 100 | 0 | |a Alvarado, Martha |e author |9 488173 | |
| 700 | 0 | |a Jurado, Cristina |e author |9 488174 | |
| 245 | 1 | 0 | |a Manual básico del docente |
| 300 | |a 991 p | ||
| 942 | |c BK | ||
| 945 | |d 20040924 00:00:00 |a cmena | ||
| 260 | |a Madrid |b Cultural |c 2003 | ||
| 650 | 0 | |a Docentes |9 311365 | |
| 650 | 0 | |a Educación básica |9 224933 | |
| 650 | 0 | |a Formación profesional de profesores |9 307493 | |
| 650 | 0 | |a Rol del docente |9 329733 | |
| 583 | |a last modification |c 20040924 00:00:00 |k Rodrigo Vera | ||
| 999 | |c 310744 |d 310742 | ||
| 952 | |0 0 |1 0 |4 0 |6 370_300000000000000_ALV_2003 |7 0 |8 X |9 379693 |a BIBEDU |b BIBEDU |d 2019-11-21 |i 4066308 |o 370.3 ALV 2003 |p 4066308 |r 2023-01-13 |w 2019-11-21 |y BK_X |k EBA | ||